| 000 | 00000nam##2200000za#4500 |
| 001 | 9.695434 |
| 003 | CaOODSP |
| 005 | 20210624234557 |
| 007 | cr ||||||||||| |
| 008 | 150407|2000||||xxc|||||o f|0| 0 eng|d |
| 040 | |aCaOODSP|beng |
| 043 | |an-cn--- |
| 086 | 1 |aM92-186/2000E-PDF |
| 110 | 1 |aCanada.|bNatural Resources Canada. |bEnergy Resources Branch. |
| 245 | 10|aBuyer's guide to small commercial Biomass Combustion Systems / |h[electronic resource]|c[prepared by The CANMET Energy Diversification Research Laboratory and by SGA Energy Limited, for the Renewable and Electrical Energy Division, Energy Resources Branch, Natural Resources Canada]. |
| 260 | |aOttawa - Ontario : |bNatural Resources Canada. |cc2000. |
| 300 | |a52p.|bfigs. (some coloured), glossary, graph, tables, photographs |
| 500 | |a"This Guide is intended to provide a practical approach to planning, procuring and operating a Biomass Combustion System (BCS). It will outline considerations the buyer should take into account before seeking the professional services of experts in the field."--p.4 of 52. |
| 500 | |aThe catalogue number (M92-186/2000E) and ISBN (0-662-28899-8) for the print edition have been incorrectly copied in this electronic publication. |
| 520 | 3 |aThis Guide is intended to provide a practical approach to planning, procuring and operating a Biomass Combustion System (BCS). It will outline considerations the buyer should take into account before seeking the professional services of experts in the field.--p.4 of 52. |
| 590 | |a12-15-Supp|b2012-04-13 |
| 690 | 07|aBiomass|2gcpds |
| 690 | 07|aEnergy supply|2gcpds |
| 690 | 07|aEnergy efficiency|2gcpds |
| 690 | 07|aHeating|2gcpds |
| 775 | 08|tLes petites installations de chauffage à la biomasse : |w(CaOODSP)9.639570 |
| 776 | 0#|tBuyer's guide to small commercial Biomass Combustion Systems / |w(CaOODSP)9.647721 |
| 856 | 40|ahttp://publications.gc.ca|qPDF|s893 KB|uhttps://publications.gc.ca/collections/Collection/M92-186-2000E.pdf |